El ejercicio de la patria potestad en situaciones de no convivencia de los progenitores

Bibliographic Details
Main Author: Nevado Montero, Juan Još
Format: eBook
Language:Spanish
Published: Barcelona: J.M. Bosch Editor, 2021
Subjects:
Online Access:Acceso restringido

MARC

LEADER 00000nam a22000007a 4500
005 20220510235847.0
007 cr|||| ||||
008 220511s2021 es |||||s|||| 00||0 spa d
020 |a 978-84-123503-7-1 
035 |a 35638 
040 |a vLex 
090 |c 13318  |d 13318 
100 1 |a Nevado Montero, Juan Još 
245 1 2 |a El ejercicio de la patria potestad en situaciones de no convivencia de los progenitores  |h [Recurso electrn̤ico] /  |c Juan Jos ̌Nevado Montero 
256 |a Servicio en ln̕ea 
260 |a Barcelona:  |b J.M. Bosch Editor,  |c 2021 
300 |a 1 recurso electrn̤ico 
500 |a Cuando los padres conviven suelen decidir de forma consensuada los aspectos ms̀ relevantes en torno a sus hijos, como por ejemplo la eleccin̤ de colegio, la prc̀tica de una religin̤, o el sometimiento a intervenciones mďicas, decisiones que se toman teniendo en cuenta la opinin̤ de menores y adolescentes. La toma de esas decisiones constituye parte del contenido de la patria potestad, que habitualmente se ejerce de forma conjunta por ambos progenitores, aunque puede hacerlo uno solo con el consentimiento expreso o tc̀ito del otro, siendo vl̀idos los actos que realice uno de ellos conforme al uso social y a las circunstancias o en casos de urgente necesidad. Si quiebra la convivencia los hijos quedarǹ en compaą̕ de uno u otro y, el ejercicio de los derechos y deberes que confiere la patria potestad adquiere una nueva dimensin̤. En estos casos, la patria potestad ser ̀ejercida por aquel con quien el hijo conviva, si bien judicialmente podr ̀acordarse que se ejerza de forma conjunta o distribuir las funciones entre ambos progenitores. Cuando por la quiebra de la convivencia se tramita un procedimiento de nulidad, separacin̤ o divorcio, el Cd̤igo Civil obliga a que la resolucin̤ que se dicte regule el ejercicio de la patria potestad. En estas situaciones surge el concepto de guarda y custodia, referido a la compaą̕ efectiva de los menores en cada momento, y con ľ la cuestin̤ de qu ̌decisiones concretas que puedan afectar a la vida de los menores puede tomar de forma unilateral quien los tiene en su compaą̕, y cuales necesitan del concurso de ambos por estar incluidas en la patria potestad. En el presente trabajo se trata de dotar de herramientas a los operadores jurd̕icos recogiendo las novedades respecto al ejercicio de la patria potestad, sistematizǹdolas y estudiando aspectos novedosos como la posibilidad de la toma de decisiones respecto a los menores por la nueva pareja del progenitor. A tal efecto se estudian supuestos problemt̀icos en el ejercicio de la patria potestad: el cambio de domicilio unilateral por el progenitor custodio, la responsabilidad civil del guardador por los actos que realicen sus hijos mientras estň en su compaą̕, el ejercicio de la patria potestad por la nueva pareja del progenitor en caso de familias reconstituidas, el desacuerdo en la eleccin̤ del nombre del hijo comn︢, y los conflictos por la recogida de los menores por personas distintas al progenitor y su estancia con familiares y allegados. 
506 1 |a Disponible solo en los productos indicados  |d vLex Global  |d vLex Global (Academic Edition, excluding Law Schools)  |d vLex Global (U.S. Academic Edition, Law Schools)  |d vLex Global (U.S. Academic Edition, excluding Law Schools)  |d vLex Global (Academic Edition, Law Schools) 
650 0 4 |a Familia y Sucesiones  |z Espaą 
740 0 |a vLex Libros (Servicio en ln̕ea) 
856 4 0 |u https://app.vlex.com/#/sources/35638  |z Acceso restringido 
942 |c BOOK 
999 0 |a Family and Inheritance